02749nam a22005055i 4500001001800000003000900018005001700027007001500044008004100059020003700100024003500137050001500172072001700187072002300204072002300227082001200250100002800262245008400290264006100374300003600435336002600471337002600497338003600523347002400559490002800583505034100611520077700952650001701729650002801746650001501774650003801789650002401827650001701851650004701868650005001915650004301965650003602008710003402044773002002078776003602098830002802134856004802162912001402210999001902224978-3-642-11979-8DE-He21320140220083743.0cr nn 008mamaa110525s2011 gw | s |||| 0|eng d a97836421197989978-3-642-11979-87 a10.1007/978-3-642-11979-82doi 4aT55.4-60.8 7aTGXW2bicssc 7aTEC0400002bisacsh 7aTEC0200002bisacsh04a6702231 aKlocke, Fritz.eauthor.10aManufacturing Processes 1h[electronic resource] :bCutting /cby Fritz Klocke. 1aBerlin, Heidelberg :bSpringer Berlin Heidelberg,c2011. aXVIII, 506 p.bonline resource. atextbtxt2rdacontent acomputerbc2rdamedia aonline resourcebcr2rdacarrier atext filebPDF2rda1 aRWTHedition,x1865-08990 aIntroduction -- Metrology and workpiece quality -- Fundamentals of cutting -- Cutting materials and tools -- Finite element method (FEM) -- Cutting fluids -- Tool life behavior -- Process design and Process monitoring -- Processes with rotational primary movement -- Processes with translatory primary movement -- Bibliography -- Index. aThe book series on manufacturing processes for engineers is a reference work for scientific and industrial experts. This volume on Turning, Milling and Drilling starts from the basic principles of machining with geometrically defined cutting edges based on a common active principle. In addition, appropriate tool designs as well as the reasonable use of cutting material are presented. A detailed chapter about the machinability of the most important workpiece materials, such as steel and cast iron, light metal alloys and high temperature resistant materials imparts a broad knowledge of the interrelations between workpiece materials, cutting materials and process parameters. This book is in the RWTHedition Series as are the other four volumes of the reference work. 0aEngineering. 0aIndustrial engineering. 0aMachinery. 0aStructural control (Engineering). 0aSurfaces (Physics).14aEngineering.24aOperating Procedures, Materials Treatment.24aCharacterization and Evaluation of Materials.24aIndustrial and Production Engineering.24aManufacturing, Machines, Tools.2 aSpringerLink (Online service)0 tSpringer eBooks08iPrinted edition:z9783642119781 0aRWTHedition,x1865-089940uhttp://dx.doi.org/10.1007/978-3-642-11979-8 aZDB-2-ENG c106845d106845